Software-based user information (Record no. 14892)
[ view plain ]
| 000 -LEADER | |
|---|---|
| fixed length control field | 00896cab a2200217 4500 |
| 001 - CONTROL NUMBER | |
| control field | ABS40215 |
| 008 - FIXED-LENGTH DATA ELEMENTS--GENERAL INFORMATION | |
| fixed length control field | 090401t1989 xxu||||| |||| 00| 0 eng d |
| 035 ## - SYSTEM CONTROL NUMBER | |
| System control number | (Sirsi) u22232 |
| 041 ## - LANGUAGE CODE | |
| Language code of text/sound track or separate title | eng |
| 100 ## - MAIN ENTRY--PERSONAL NAME | |
| Personal name | Holder, W. |
| 245 ## - TITLE STATEMENT | |
| Title | Software-based user information |
| 260 ## - PUBLICATION, DISTRIBUTION, ETC. | |
| Date of publication, distribution, etc. | 1989 |
| 350 ## - PRICE (NR) (BK AM CF MU VM SE) [OBSOLETE] | |
| Price | 0 |
| 490 ## - SERIES STATEMENT | |
| Series statement | Building Services |
| Volume/sequential designation | 11(1) January 1989, 39-41(3) |
| 520 ## - SUMMARY, ETC. | |
| Summary, etc. | Describes the advantages of the CALMS computer software system as a means of recording user information for projects. Information held can include manufacturers details, operating and maintenance manuals, drawings, commissioning records and handover details and has been used both for the Lloyds building and the Union Bank of Switzerland. |
| 650 ## - SUBJECT ADDED ENTRY--TOPICAL TERM | |
| Topical term or geographic name entry element | DOCUMENT IMAGE SYSTEMS |
| 650 ## - SUBJECT ADDED ENTRY--TOPICAL TERM | |
| Topical term or geographic name entry element | MANAGEMENT-PROJECT MANAGEMENT |
| 690 ## - LOCAL SUBJECT ADDED ENTRY--TOPICAL TERM (OCLC, RLIN) | |
| Topical term or geographic name as entry element | BUILDING AND CONSTRUCTION-COMPUTERS |
| 942 ## - ADDED ENTRY ELEMENTS (KOHA) | |
| Suppress in OPAC | 0 |
| 948 ## - LOCAL PROCESSING INFORMATION (OCLC); SERIES PART DESIGNATOR (RLIN) | |
| c (OCLC) | 04/03/1997 |
| Withdrawn status | Lost status | Source of classification or shelving scheme | Damaged status | Not for loan | Home library | Current library | Shelving location | Date acquired | Total Checkouts | Full call number | Barcode | Date last seen | Copy number | Price effective from | Koha item type |
|---|---|---|---|---|---|---|---|---|---|---|---|---|---|---|---|
| Dewey Decimal Classification | London | London | Journal article | 14/09/1999 | ABS40215 | 22232-1001 | 06/08/2019 | 1 | 06/08/2019 | Journal article |